Southeast Asian perspectives.

Bibliographic Details
New Title:Asian affairs (New York, N.Y. : Online)
Previous Title:Vietnam perspectives (Online)
Uniform Title:Southeast Asian perspectives (Online)
Corporate Author: American Friends of Vietnam
Format: Serial
Language:English
Published: New York : American Friends of Vietnam, Inc., 1971-1973.
Subjects:
Online Availability: Check for online availability

MARC

Tag First Indicator Second Indicator Subfields
LEADER 00000cas a2200000 a 4500
001 in00002784039
005 20151202172130.0
006 m o d
007 cr |||||||||||
008 740828d19711973nyuqr moo 0 a0eng c
010 |a  2009235697 
019 |a 628930528 
022 |y 0042-577X 
029 1 |a AU@  |b 000044945248 
029 1 |a NZ1  |b 13705594 
029 1 |a AU@  |b 000044776461 
035 |a (OCoLC)ocm61283852 
035 |a (OCoLC)61283852  |z (OCoLC)628930528 
040 |a QCL  |c QCL  |d OCLCQ  |d EYM  |d HUL  |d OCLCE  |d MYG  |d OCLCQ  |d TXA  |d UtOrBLW 
042 |a pcc 
043 |a a------  |a n-us--- 
049 |a TXAM 
050 1 4 |a DS501  |b .S83 Electronic 
082 1 4 |a 959  |2 11 
130 0 |a Southeast Asian perspectives (Online) 
210 0 |a Southeast Asian perspect. 
222 0 |a Southeast Asian perspectives 
245 1 0 |a Southeast Asian perspectives. 
264 1 |a New York :  |b American Friends of Vietnam, Inc.,  |c 1971-1973. 
310 |a Quarterly 
336 |a text  |b txt  |2 rdacontent 
337 |a computer  |b c  |2 rdamedia 
338 |a online resource  |b cr  |2 rdacarrier 
362 0 |a No. 1 ([Mar.] 1971)-no. 10 ([summer] 1973). 
588 |a Description based on: No. 2 (June 1971); title from cover (JSTOR, viewed June 24, 2010). 
588 |a Last issue consulted: No. 9 (March 1973) (JSTOR, viewed June 24, 2010). 
500 |a Electronic resource. 
651 0 |a Southeast Asia. 
710 2 |a American Friends of Vietnam. 
776 0 8 |i Also issued in print:  |t Southeast Asian perspectives  |x 0042-577X  |w (DLC)sf 78000535  |w (OCoLC)991534 
780 0 0 |t Vietnam perspectives (Online)  |w (OCoLC)61283856  |w (DLC) 2009235698 
785 0 0 |t Asian affairs (New York, N.Y. : Online)  |x 1940-1590  |w (DLC) 2007215271  |w (OCoLC)38436099 
948 |a cataloged  |b h  |c 2012/12/18  |d c  |e spoltoratski  |f 12:37:41 pm  |g sc 
994 |a C0  |b TXA 
999 |a MARS 
999 f f |s 77c1af1c-06a3-3944-984b-cf89b8229d8c  |i e2fec675-e94d-3bcc-b19f-32390b23f039  |t 0 
952 f f |a Texas A&M University  |b College Station  |c Electronic Resources  |d Available Online  |t 0  |e DS501 .S83  |g Electronic  |h Library of Congress classification 
998 f f |a DS501 .S83  |t 0  |l Available Online